| 000 | 00622nam a2200193Ia 4500 | ||
|---|---|---|---|
| 008 | 220216s9999 xx 000 0 und d | ||
| 100 | _aBokma E | ||
| 245 | 0 | _aHevamine, a chitinase from the rubber tree Hevea brasiliensis, cleaves peptidoglycan between the C-1 of N-acetylglucosamine and C-4 of N-acetylmuramic acid and therefore is not a lysozyme | |
| 260 |
_bFEBS letters _c1997 |
||
| 300 | _a161-163 | ||
| 500 | _aSource Year: 1998 | ||
| 650 | _aChitinase | ||
| 650 | _aHevamine | ||
| 700 | _aBeintema J J | ||
| 700 | _aJeronimus-Stratingh M | ||
| 700 | _aKoningsveld G A Van | ||
| 856 | _uHOA | ||
| 942 | _cJS | ||
| 999 |
_c60294 _d60294 |
||